Top 10 Stats | NFL All Time - Statistics

General Stats
  • This quiz has been taken 92 times
  • The average score is 34 of 100
Answer Stats
# Number year Answer % Correct
1 2000-2022 Tom Brady
100%
2 2001-2020 Drew Brees
95%
3 1998-2015 Peyton Manning
94%
6 2005- Aaron Rodgers
91%
1 | T6 1985-2003 Bruce Smith
83%
1 1990-2004 Emmitt Smith
83%
8 2001-2016 Steve Smith Sr
83%
4 1989-1998 Barry Sanders
79%
1 1985-2004 Jerry Rice
79%
8 2008-2022 Matt Ryan
79%
7 2004-2020 Philip Rivers
76%
4 1991-2010 Brett Favre
74%
4 1998-2012 Randy Moss
74%
5 2004-2021 Ben Roethlisberger
73%
10 1983-1999 Dan Marino
71%
10 1975-1989 Dave Brown
71%
7 1988-2004 Tim Brown
71%
9 2009- Matthew Stafford
68%
5 2007-2021 Adrian Peterson
65%
7 2001-2011 LaDainian Tomlinson
64%
2 1975-1987 Walter Payton
60%
2 2004-2020 Larry Fitzgerald
59%
1 1996-2012 Ray Lewis
58%
9 1983-1993 Eric Dickerson
51%
3 2005-2020 Frank Gore
51%
7 | T4 1997-2011 Jason Taylor
50%
2 1985-2000 Reggie White
50%
8 2006-2016 Devin Hester
49%
3 1996-2010 Terrell Owens
49%
9 1996-2008 Marvin Harrison
47%
3 2012- Bobby Wagner
44%
10 1981-1995 Rickey Jackson
41%
1 1996-2019 Adam Vinatieri
40%
9 1989-1999 Derrick Thomas
38%
6 1996-2008 Zach Thomas
38%
7 2002-2013 Ed Reed
37%
8 1993-2005 Jerome Bettis
37%
10 2001-2014 Reggie Wayne
37%
T4 | T5 1998-2015 Charles Woodson
33%
4 1952-1965 Dick Lane
33%
6 1993-2007 Michael Strahan
33%
3 1987-2003 Rod Woodson
33%
3 1985-1999 Kevin Greene
32%
6 1997-2013 Tony Gonzalez
31%
2 | 4 2002-2018 Julius Peppers
27%
6 1995-2005 Curtis Martin
26%
3 1982-2004 Gary Anderson
26%
5 1994-2009 Isaac Bruce
26%
2 1982-2007 Morten Andersen
26%
1 1964-1979 Paul Krause
24%
8 1981-1994 Ronnie Lott
24%
10 1977-1988 Tony Dorsett
19%
8 2003-2019 Terrell Suggs
18%
1 1999-2013 Champ Bailey
17%
10 1993-2000 Kevin Williams
17%
T9 2007-2020 Tramon Williams
17%
4 1990-2009 Junior Seau
15%
T9 1996-2011 Brian Dawkins
14%
9 2005-2016 DeMarcus Ware
14%
7 1949-1975 George Blanda
14%
T4 2002-2017 Dwight Freeney
13%
2 1948-1961 Emlen Tunnell
13%
T6 2003-2015 Charles Tillman
12%
5 | T6 1985-1999 Chris Doleman
12%
8 2012- Lavonte David
12%
1 1990-2003 Brian Mitchell
10%
6 2000-2008 Dante Hall
10%
7 1995-2008 Derrick Brooks
10%
10 2005-2022 Robbie Gould
10%
1 2003-2016 Robert Mathis
10%
7 2005-2019 Darren Sproles
9%
T5 1969-1983 Ken Riley
9%
2 1998-2013 London Fletcher
9%
10 1983-1997 Richard Dent
9%
3 1997-2012 Ronde Barber
9%
9 1978-1996 Clay Matthews
8%
4 1992-2012 Jason Hanson
8%
7 2013- Darius Slay
6%
9 1997-2010 Darren Sharper
6%
9 1992-2002 Desmond Howard
6%
8 1993-2009 Jason Elam
6%
6 2003-2013 Asante Samuel
5%
5 1987-2000 Jessie Tuggle
5%
6 1991-2009 Matt Stover
5%
3 2000-2014 John Abraham
4%
2 2006-2020 Johnathan Joseph
4%
5 1998-2010 John Carney
4%
9 1991-2011 John Kasay
4%
3 2005-2014 Josh Cribbs
4%
T4 2003-2017 Terence Newman
4%
10 1987-2002 Hardy Nickerson
3%
8 2010-2021 Joe Haden
3%
4 1986-1997 Mel Gray
3%
2 1998-2009 Allen Rossum
1%
5 1993-2001 Glyn Milburn
1%
No matching quizzes found
Score Distribution
Percent of People with Each Score
Percentile by Number Answered
Your Score History
You have not taken this quiz